Clic Homophones Sans, s'en, cent, sang, sens, sent et c'en - Statistiques

Statistiques générales
  • Ce quiz a été pris 86 fois
  • Le résultat moyen est 21 sur 30
Statistiques - réponses
Hint Réponse % Correct
Cette femme est *** gêne sans
99%
J'ai sué *** et eau pour construire ce mur sang
93%
Ne pas être *** savoir sans
90%
Un même mot peut avoir différents *** sens
89%
La guerre de *** ans cent
87%
Il a le *** chaud sang
87%
Jeanne est partie *** ses clefs sans
87%
Jules *** va bientôt s'en
85%
Julien est donneur de *** sang
83%
Chloé a récité sa récitation *** hésitation sans
82%
La voiture arrivait en *** inverse sens
82%
Les vampires se nourrissent de *** sang
80%
Je prends le café *** lait sans
80%
*** moins cinq font quatre-vingt-quinze cent
77%
Ce jus de fruit fouette le *** sang
76%
Pierre *** mon parfum sent
75%
Établissez svp un chèque de sept cent trente euros cent
72%
*** personnes ont participé à la course cent
72%
Je *** la fin de l'année arriver sens
68%
Ce film a rapporté deux *** millions de dollars cents
61%
Ses parents *** font pour lui s'en
61%
Etait-ce un complot ? *** avait tout l'air c'en
59%
Marc est étrange, Julie *** méfie s'en
58%
A quoi bon le punir, Pierre *** moque ! s'en
55%
Ainsi, *** est fait de la vieille Marie ? c'en
48%
Cette fois, *** est trop ! c'en
48%
Deux *** personnes sont attendues pour le concert cents
45%
*** ce fumet ! sens
44%
Ils n’ont pas atteint les résultats escomptés, tant *** faut ! s'en
30%
Sa paresse, il *** repent aujourd’hui. s’en
30%
Aucun quiz correspondant
Distribution des résultats
% des personnes avec chaque résultat
Percentile par nombre de réponses
Votre historique - résultats
Vous n’avez pas pris ce quiz